000 00214nam a22000857a 4500
008 170116b xxu||||| |||| 00| 0 eng d
100 _92426
_aKumar.V
245 _aHistory Map Work Book-IX
260 _aNew Delhi
_bGBP
_c2009
999 _c5466
_d5466